000 00500 a2200169 4500
003 NUST
005 20251022122353.0
040 _cNust
082 _a621.382,KAU
100 _aKausar,Umar Ahmed (TE-43-A)
_9131426
245 _aSmart Antenna System Design for Target Tracking /
_cAhmed Umar Kausar, Hassan Umair, Muhammad Ashar Anis, Tayyab Hassan
260 _aRawalpindi
_bMCS
_cAugust 2010
300 _a32 p.;
650 _aUG Projects
_998716
651 _aTE-43-A
_9131427
942 _cPR
_2ddc
999 _c188364
_d188364